[Event "Stay Safe Play From Home 142"]
[Site "T#645977Emanuel Laske"]
[Date "2020.05.12"]
[Round "5"]
[White "SoulofWolf"]
[Black "Weltszmerc"]
[Result "0-1"]
[WhiteElo "2139"]
[BlackElo "2044"]
[Annotator "TA"]
[PlyCount "116"]
[EventDate "2020.05.12"]
[EventType "swiss (blitz)"]

{[%evp 9,116,4,10,-119,-131,-216,-214,-222,-196,-212,-124,-172,-145,-157,-149,-152,-130,-158,-117,-154,0,-506,-509,-623,-31,-38,-32,-345,12,16,60,65,41,0,127,-17,-21,-337,-18,-17,0,-22,0,-86,-23,-71,-71,-72,-38,-53,-13,-13,-13,-13,-13,-13,-14,-72,-30,-264,-241,-279,-156,-154,-155,-152,-152,-146,-85,-91,8,0,24,35,1502,1616,4602,4063,29968,29968,29972,29974,29974,29975,29974,29976,29975,29973,29971,29974,29974,0,0,0,29984,29981,29979,0,0,0,0,0,0,0,0,0,0,0,0]} 1. c4 b6 2. b3 Bb7 3. Bb2 e6 4. d4 d5 5. Nd2 Nf6 {[#]} 6. f3 $146 {A13: English Opening: 1...e6.} (6. Ngf3 $11) ({Predecessor:} 6. cxd5 exd5 7. Ngf3 c5 8. e3 Be7 9. Be2 O-O 10. O-O cxd4 {½-½ (10) Issa,M (1787)-Al Mallahi,D (1565) Abu Dhabi 2012}) 6... c5 $17 7. Qc2 (7. e3 $17 {was necessary.}) 7... cxd4 8. Bxd4 {Black is clearly better.} Nc6 9. Bf2 Nb4 (9... Ba3 $19 10. e3 O-O) 10. Qc3 Be7 11. a3 Nc6 12. e3 O-O 13. Bd3 e5 14. Ne2 {[#]} d4 $2 (14... e4 $1 $17 {[%cal Re4d3][%mdl 512]} 15. Bc2 (15. fxe4 dxc4) 15... dxc4 16. bxc4 exf3 17. Nxf3 Na5) 15. Qb2 $2 {[%mdl 8192]} (15. exd4 $11 exd4 16. Nxd4 (16. Bxd4 Nxd4 17. Nxd4 Bd6 $17)) 15... dxe3 $19 16. Bxe3 Nd4 $2 (16... Qxd3 $19 17. Bf2 Rad8) 17. Nxd4 $15 exd4 18. Qxd4 $2 {[%mdl 8192]} (18. Bf2 $1 $15) 18... Bc5 $2 (18... Qxd4 $19 19. Bxd4 Rad8) 19. Qxd8 $11 Raxd8 20. Bxc5 bxc5 21. Be4 Rfe8 (21... Bxe4 $11 {keeps the balance.} 22. Nxe4 Nxe4 23. fxe4 Rd3) 22. Ra2 (22. O-O-O $16 Nxe4 23. Nxe4 Bxe4 24. Rxd8 (24. fxe4 Rb8 $14) 24... Rxd8 25. fxe4) 22... Nxe4 23. Nxe4 $2 {[%mdl 8192]} (23. fxe4 $11 {and White is okay.} f5 24. O-O fxe4 25. Re1) 23... Bxe4 $2 (23... f5 $19 24. O-O fxe4 25. fxe4 Rxe4) 24. fxe4 Rxe4+ {[%mdl 4096] Endgame KRR-KRR} 25. Kf2 g6 26. g3 (26. Re1 $11 Red4 27. Rae2) 26... Rd3 (26... Rb8 $1 $17 27. Rd1 Rxb3) 27. Rb2 Ree3 28. Rhb1 Rf3+ 29. Kg2 a5 30. b4 axb4 31. axb4 cxb4 32. Rxb4 Rc3 33. Rd1 (33. R1b2 $11 {remains equal.}) 33... Rfe3 34. Rd4 $2 (34. Rf1 $11) 34... Rc2+ $19 35. Kh3 Ree2 ({Black should play} 35... h5 $1 $19 {Threatens to win with ...g5.} 36. Rb5 Kg7) 36. Kg4 $17 Rxh2 37. Kf4 Kg7 38. Ke5 Rhe2+ (38... h5 $142 $1 39. Kd5 Rhf2) 39. Kd5 Rcd2 (39... Re8 $17 40. g4 h6) 40. c5 $11 Rxd4+ 41. Rxd4 {c6 is the strong threat. KR-KR} Rc2 $2 {[%mdl 8192]} (41... Kf6 $14) 42. c6 $18 h5 43. Kd6 g5 44. c7 f5 {[#]} 45. Rd5 $1 {[%cal Rd5c5]} (45. Kd7 f4 $11) 45... Rxc7 46. Kxc7 {KR-K3P} Kf6 47. Kd6 h4 48. gxh4 gxh4 {[#] KR-KPP} 49. Kc5 $1 {[%cal Rc5d4]} Kg5 50. Rd1 $2 (50. Kd4 Kf4 51. Rd7 h3 52. Rh7 Kg3 53. Ke3 f4+ 54. Ke2 f3+ 55. Kf1) 50... h3 $11 51. Kd4 h2 $2 {[%mdl 8192]} (51... Kf4 $11) 52. Ke3 Kg4 53. Rh1 $2 (53. Kf2 {mates} Kf4 54. Re1 h1=B 55. Rxh1 Ke5 56. Rd1 Ke4 57. Rd8 f4 58. Rd2) 53... Kg3 {The position is equal.} 54. Ke2 Kg2 55. Rf1 f4 56. Rf2+ Kg3 57. Rf3+ Kg2 (57... Kg4 $5 58. Rf1 $8 Kg3 $11) 58. Rf2+ Kg1 {[%mdl 32768] Accuracy: White = 50%, Black = 40%. . Sensor Board Error (Ke4/e5)?} 0-1

[Event "Stay Safe Play From Home 142"]
[Site "T#645977Emanuel Laske"]
[Date "2020.05.12"]
[Round "5"]
[White "Lazieri3"]
[Black "CastlingArrocco"]
[Result "1-0"]
[WhiteElo "2055"]
[BlackElo "1971"]
[Annotator "RC"]
[PlyCount "127"]
[EventDate "2020.05.12"]
[EventType "swiss (blitz)"]

1. e4 {[%emt 0:00:01]} e6 {[%emt 0:00:01]} 2. Nc3 {[%emt 0:00:00]} a6 {[%emt 0:00:00]} 3. Nf3 {[%emt 0:00:00]} b5 {[%emt 0:00:00]} 4. d4 {[%emt 0:00:00]} Bb7 {[%emt 0:00:00]} 5. d5 {[%emt 0:00:01]} Nf6 {[%emt 0:00:01]} 6. dxe6 {[%emt 0:00:01]} fxe6 {[%emt 0:00:00]} 7. e5 {[%emt 0:00:01]} Nd5 {[%emt 0:00:01]} 8. Nxd5 {[%emt 0:00:01]} Bxd5 {[%emt 0:00:00]} 9. Bd3 {[%emt 0:00:01]} Bc5 {[%emt 0:00:01]} 10. Qe2 {[%emt 0:00:02]} O-O {[%emt 0:00:00]} 11. Be4 {[%emt 0:00:02]} Bxe4 {[%emt 0:00:02]} 12. Qxe4 {[%emt 0:00:00]} Nc6 {[%emt 0:00:00]} 13. Be3 {[%emt 0:00:03]} Bxe3 {[%emt 0:00:01]} 14. Qxe3 {[%emt 0:00:00]} g6 {[%emt 0:00:00]} 15. O-O-O {[%emt 0:00:02]} Qe7 {[%emt 0:00:01]} 16. Nd4 {[%emt 0:00:02]} Nb4 {[%emt 0:00:02]} 17. a3 {[%emt 0:00:03]} Nd5 {[%emt 0:00:01]} 18. Qe4 {[%emt 0:00:01]} Rf4 {[%emt 0:00:02]} 19. Qe2 {[%emt 0:00:02]} Raf8 {[%emt 0:00:01]} 20. f3 {[%emt 0:00:00]} Qg5 {[%emt 0:00:01]} 21. h4 {[%emt 0:00:05]} Qg3 {[%emt 0:00:03]} 22. Qd2 {[%emt 0:00:05]} c5 {[%emt 0:00:03]} 23. Ne2 {[%emt 0:00:01]} Qf2 {[%emt 0:00:03]} 24. Nxf4 {[%emt 0:00:02]} Qxd2+ {[%emt 0:00:00]} 25. Rxd2 {[%emt 0:00:02]} Rxf4 {[%emt 0:00:02]} 26. h5 {[%emt 0:00:01]} g5 {[%emt 0:00:01]} 27. Rhd1 {[%emt 0:00:02]} c4 {[%emt 0:00:01]} 28. Rxd5 {[%emt 0:00:01]} exd5 {[%emt 0:00:01]} 29. Rxd5 {[%emt 0:00:01]} g4 {[%emt 0:00:01]} 30. Rxd7 {[%emt 0:00:02]} gxf3 {[%emt 0:00:01]} 31. gxf3 {[%emt 0:00:00]} Rxf3 {[%emt 0:00:01]} 32. h6 {[%emt 0:00:01]} Re3 {[%emt 0:00:02]} 33. Re7 {[%emt 0:00:01]} Kf8 {[%emt 0:00:01]} 34. Rxh7 {[%emt 0:00:01]} Rxe5 {[%emt 0:00:00]} 35. Ra7 {[%emt 0:00:01]} Re1+ {[%emt 0:00:02]} 36. Kd2 {[%emt 0:00:01]} Rh1 {[%emt 0:00:04]} 37. h7 {[%emt 0:00:01]} Rh2+ {[%emt 0:00:02]} 38. Kc3 {[%emt 0:00:00]} Rh3+ {[%emt 0:00:01]} 39. Kb4 {[%emt 0:00:01]} c3 {[%emt 0:00:02]} 40. bxc3 {[%emt 0:00:01]} Rh4+ {[%emt 0:00:01]} 41. Ka5 {[%emt 0:00:01]} Ra4+ {[%emt 0:00:02]} 42. Kb6 {[%emt 0:00:01]} Rh4 {[%emt 0:00:01]} 43. Ra8+ {[%emt 0:00:01]} Kg7 {[%emt 0:00:00]} 44. h8=Q+ {[%emt 0:00:00]} Rxh8 {[%emt 0:00:01]} 45. Rxh8 {[%emt 0:00:00]} b4 {[%emt 0:00:01]} 46. axb4 {[%emt 0:00:01]} Kxh8 {[%emt 0:00:01]} 47. Kxa6 {[%emt 0:00:01]} Kg7 {[%emt 0:00:00]} 48. b5 {[%emt 0:00:00]} Kf6 {[%emt 0:00:00]} 49. b6 {[%emt 0:00:00]} Ke5 {[%emt 0:00:00]} 50. b7 {[%emt 0:00:00]} Ke4 {[%emt 0:00:00]} 51. b8=Q {[%emt 0:00:00]} Ke3 {[%emt 0:00:00]} 52. Qc8 {[%emt 0:00:00]} Kd2 {[%emt 0:00:00]} 53. c4 {[%emt 0:00:00]} Kc1 {[%emt 0:00:00]} 54. c5 {[%emt 0:00:00]} Kb2 {[%emt 0:00:00]} 55. c6 {[%emt 0:00:00]} Kc3 {[%emt 0:00:00]} 56. c7 {[%emt 0:00:00]} Kb2 {[%emt 0:00:00]} 57. Qb8+ {[%emt 0:00:01]} Kc1 {[%emt 0:00:00]} 58. c8=Q {[%emt 0:00:00]} Kd2 {[%emt 0:00:00]} 59. c4 {[%emt 0:00:00]} Kc1 {[%emt 0:00:00]} 60. c5 {[%emt 0:00:00]} Kc2 {[%emt 0:00:01]} 61. Qd8 {[%emt 0:00:00]} Kc3 {[%emt 0:00:00]} 62. c6 {[%emt 0:00:00]} Kc4 {[%emt 0:00:00]} 63. c7 {[%emt 0:00:00]} Kc5 {[%emt 0:00:00]} 64. c8=Q# {[%emt 0:00:00] (Lag: Av=0.55s, max=1.2s)} 1-0

[Event "Stay Safe Play From Home 142"]
[Site "T#645977Emanuel Laske"]
[Date "2020.05.12"]
[Round "5"]
[White "Ionutn28"]
[Black "Nagaram"]
[Result "1-0"]
[WhiteElo "1769"]
[BlackElo "1501"]
[Annotator "NA RC"]
[PlyCount "65"]
[EventDate "2020.05.12"]
[EventType "swiss (blitz)"]

1. e4 {[%emt 0:00:01]} e5 {[%emt 0:00:01]} 2. Nf3 {[%emt 0:00:01]} Nc6 {[%emt 0:00:01]} 3. d4 {[%emt 0:00:02]} exd4 {[%emt 0:00:02]} 4. Nxd4 {[%emt 0:00:01]} Nf6 {[%emt 0:00:02]} 5. Nxc6 {[%emt 0:00:01]} bxc6 {[%emt 0:00:01]} 6. e5 {[%emt 0:00:00]} Qe7 {[%emt 0:00:01]} 7. Qe2 {[%emt 0:00:00]} Nd5 {[%emt 0:00:01]} 8. c4 {[%emt 0:00:00]} Nb6 {[%emt 0:00:03]} 9. Nd2 {[%emt 0:00:01]} f6 {[%emt 0:00:01]} 10. exf6 {[%emt 0:00:01]} gxf6 {[%emt 0:00:02]} 11. Qxe7+ {[%emt 0:00:01]} Bxe7 {[%emt 0:00:00]} 12. Bd3 {[%emt 0:00:01]} d5 {[%emt 0:00:01]} 13. cxd5 {[%emt 0:00:01]} cxd5 {[%emt 0:00:00]} 14. Bb5+ {[%emt 0:00:02]} Bd7 {[%emt 0:00:01]} 15. Bxd7+ {[%emt 0:00:01]} Nxd7 {[%emt 0:00:00]} 16. O-O {[%emt 0:00:01]} O-O-O {[%emt 0:00:01]} 17. Nf3 {[%emt 0:00:01]} Rhg8 {[%emt 0:00:01]} 18. Be3 {[%emt 0:00:00]} Ne5 {[%emt 0:00:01]} 19. Nxe5 {[%emt 0:00:03]} fxe5 {[%emt 0:00:00]} 20. Bxa7 {[%emt 0:00:01]} c5 {[%emt 0:00:03]} 21. Rac1 {[%emt 0:00:03]} c4 {[%emt 0:00:05]} 22. b3 {[%emt 0:00:01]} Kb7 {[%emt 0:00:01]} 23. Be3 {[%emt 0:00:03]} Rc8 {[%emt 0:00:01]} 24. bxc4 {[%emt 0:00:02]} dxc4 {[%emt 0:00:01]} 25. Rc2 {[%emt 0:00:01]} Rg7 {[%emt 0:00:03]} 26. Rfc1 {[%emt 0:00:01]} Rcg8 {[%emt 0:00:01]} 27. g3 {[%emt 0:00:01]} Bd6 {[%emt 0:00:02]} 28. Rxc4 {[%emt 0:00:01]} e4 {[%emt 0:00:01]} 29. Rb1+ {[%emt 0:00:01]} Bb4 {[%emt 0:00:07]} 30. Rbxb4+ {[%emt 0:00:03]} Ka6 {[%emt 0:00:01]} 31. Rc3 {[%emt 0:00:01]} Ka5 {[%emt 0:00:02]} 32. Rb2 {[%emt 0:00:05]} Rd8 {[%emt 0:00:04]} 33. Ra3# {[%emt 0:00:02] (Lag: Av=0.71s, max=1.4s)} 1-0

[Event "Stay Safe Play From Home 142"]
[Site "T#645977Emanuel Laske"]
[Date "2020.05.12"]
[Round "5"]
[White "matanant"]
[Black "Haxhi Baha"]
[Result "0-1"]
[WhiteElo "1588"]
[BlackElo "2014"]
[Annotator "RC"]
[PlyCount "50"]
[EventDate "2020.05.12"]
[EventType "swiss (blitz)"]

1. b3 {[%emt 0:00:02]} d5 {[%emt 0:00:01]} 2. Bb2 {[%emt 0:00:00]} c5 {[%emt 0:00:00]} 3. e3 {[%emt 0:00:00]} Nc6 {[%emt 0:00:01]} 4. f4 {[%emt 0:00:00]} a6 {[%emt 0:00:00]} 5. Nf3 {[%emt 0:00:00]} f6 {[%emt 0:00:01]} 6. Be2 {[%emt 0:00:00]} Bg4 {[%emt 0:00:01]} 7. O-O {[%emt 0:00:00]} Qc7 {[%emt 0:00:00]} 8. h3 {[%emt 0:00:01]} Bh5 {[%emt 0:00:02]} 9. g4 {[%emt 0:00:01]} Bf7 {[%emt 0:00:01]} 10. Qe1 {[%emt 0:00:02]} h5 {[%emt 0:00:01]} 11. Qg3 {[%emt 0:00:03]} hxg4 {[%emt 0:00:01]} 12. hxg4 {[%emt 0:00:01]} O-O-O {[%emt 0:00:01]} 13. d3 {[%emt 0:00:01]} Nh6 {[%emt 0:00:01]} 14. Nbd2 {[%emt 0:00:03]} Be6 {[%emt 0:00:01]} 15. Nh2 {[%emt 0:00:02]} Bd7 {[%emt 0:00:01]} 16. e4 {[%emt 0:00:03]} g5 {[%emt 0:00:02]} 17. e5 {[%emt 0:00:05]} gxf4 {[%emt 0:00:02]} 18. Qxf4 {[%emt 0:00:02]} fxe5 {[%emt 0:00:01]} 19. Qg3 {[%emt 0:00:04]} Bg7 {[%emt 0:00:01]} 20. c4 {[%emt 0:00:05]} Nd4 {[%emt 0:00:01]} 21. Bd1 {[%emt 0:00:02]} e4 {[%emt 0:00:03]} 22. dxe4 {[%emt 0:00:02]} Qxg3+ {[%emt 0:00:02]} 23. Kh1 {[%emt 0:00:02]} Nxg4 {[%emt 0:00:01]} 24. Ndf3 {[%emt 0:00:10]} Nxf3 {[%emt 0:00:01]} 25. Rxf3 {[%emt 0:00:04]} Rxh2# {[%emt 0:00:01] (Lag: Av=1.08s, max=3.7s)} 0-1

[Event "Stay Safe Play From Home 142"]
[Site "T#645977Emanuel Laske"]
[Date "2020.05.12"]
[Round "6"]
[White "Onlyforchess"]
[Black "Haxhi Baha"]
[Result "1-0"]
[WhiteElo "2552"]
[BlackElo "2017"]
[Annotator "TA"]
[PlyCount "83"]
[EventDate "2020.05.12"]
[EventType "swiss (blitz)"]

{[%evp 18,83,33,24,79,25,20,19,31,-29,0,0,0,0,0,-8,-4,-4,-3,-4,3,9,6,1,1,0,34,8,44,12,30,23,20,18,119,9,6,6,67,40,136,131,173,173,170,167,150,87,157,91,265,227,220,207,304,30,197,185,223,87,29992,206,1872,49,62,75,459,282]} 1. e4 e6 2. d4 d5 3. exd5 exd5 4. c4 c6 5. Nc3 Nf6 6. Nf3 dxc4 7. Bxc4 Bd6 8. Bg5 O-O 9. O-O Bg4 10. h3 Bh5 {[#] C42: Petroff Defence: 3 Nxe5 and unusual White 3rd moves.} (10... Bxf3 $11 11. Qxf3 Nbd7) 11. d5 $146 ({White should try} 11. g4 $16 Bg6 12. Ne5) ({Predecessor:} 11. g4 Bg6 12. Ne5 Qc7 13. Qe2 b5 14. Bb3 b4 15. Na4 Nd5 16. Rac1 Bxe5 17. dxe5 h6 18. Bxh6 {1-0 (27) Li,S (2020)-Teh,W (1898) Penang 2019}) 11... h6 $11 12. Bxf6 Qxf6 {The position is equal.} 13. dxc6 (13. Ne4 $14 Qf4 14. Nxd6 Qxd6 15. Re1) 13... Nxc6 (13... Bxf3 $5 14. Qxf3 Qxf3 15. gxf3 Nxc6 $11) 14. Ne4 {[%mdl 64] Double Attack} Qf4 15. Qxd6 Qxe4 16. Bd3 $132 {[%mdl 2048] White has counterplay} Qb4 17. Qxb4 Nxb4 18. Be4 Rab8 19. a3 Nc6 20. Rac1 Bxf3 21. Bxf3 Ne5 22. Bd5 b6 (22... Rfd8 $5 {[%cal Rd8d5]} 23. Rfd1 g5 $11) 23. Rfd1 Rbd8 24. f4 Ng6 25. g3 {Threatening Rc7.} h5 (25... Rd7 $11 {keeps the balance.}) 26. h4 (26. Rc7 $16) 26... Ne7 27. Be4 f5 ({Black should play} 27... g6 $11) 28. Bf3 Kf7 (28... g6 $14) 29. Kf2 g6 30. Rc7 {aiming for Re1.} Rxd1 31. Bxd1 $18 {[%mdl 4096] Endgame KRB-KRN} Rd8 {[#]} 32. Bb3+ $1 Kf6 (32... Kf8 $142) 33. Ke3 ({Inferior is} 33. Rxa7 Rd2+ 34. Ke3 Rxb2 $11) (33. Ke2 $142) 33... a5 $2 (33... Rd1 $16) 34. Rb7 Rd6 35. Rb8 {Black must now prevent Rf8+.} Nc6 (35... Kg7 $142 36. a4 Rc6) 36. Rf8+ $2 ({White must play} 36. Rxb6 $18 {Strongly threatening Kf2.} Ke7 37. Ra6) 36... Kg7 $2 (36... Ke7 $1 $11 {and Black is okay.} 37. Rf7+ Ke8) 37. Rf7+ Kh6 {[#]} 38. Rc7 (38. Rb7 $1 $18 {Hoping for Bg8.} Nd8 39. Re7) 38... Nd8 $2 {[%mdl 8192]} (38... Nb8 $16) 39. Ba4 $2 (39. Bg8 {mates} Nf7 40. Rxf7 g5 41. fxg5+ Kg6 42. Ra7 f4+ 43. Ke4 Rd4+ 44. Ke5 Rd7 45. Rxd7 fxg3 46. Bh7#) 39... g5 $2 (39... Re6+ 40. Kd2 Re4) 40. Re7 $2 (40. fxg5+ $18 Kg6 41. Be8+ Nf7 42. Bxf7+ Kg7 43. Bxh5+ Kh8 44. Bf7) 40... gxf4+ 41. Kxf4 Re6 $2 {[%mdl 8192]} (41... Rd4+ $16 42. Kxf5 Rxa4) 42. Rd7 {Accuracy: White = 46%, Black = 24%.} 1-0

[Event "Stay Safe Play From Home 142"]
[Site "T#645977Emanuel Laske"]
[Date "2020.05.12"]
[Round "6"]
[White "Little champs"]
[Black "Lazieri3"]
[Result "0-1"]
[WhiteElo "2191"]
[BlackElo "2068"]
[Annotator "TA"]
[PlyCount "134"]
[EventDate "2020.05.12"]
[EventType "swiss (blitz)"]

{[%evp 12,133,16,8,34,0,29,32,31,28,85,0,7,0,74,38,29,-54,-58,-61,52,46,246,233,268,234,367,139,186,182,205,0,25,20,360,360,459,386,379,249,460,485,5173,5157,1989,502,4802,1527,1074,554,742,553,1203,1187,1044,952,1040,891,1006,916,966,933,852,120,119,78,91,0,212,212,212,174,1067,754,1266,1199,545,20,20,-29980,-29981,-29983,-29984,-29986,-29987,-29987,-29988,-29988,-29989,-29989,-29990,-29990,-29991,-29991,-29992,-29992,-29993,-29993,-29994,-29996,-29995,-29995,-29995,-29995,-29994,-29994,-29994,-29994,-29994,-29994,-29995,-29995,-29996,-29996,-29996,-29996,-29997,-29998,-29997,-29997,-29998,-29998,-29999,-29999]} 1. d4 c6 2. e3 d5 3. Nf3 Nf6 4. Be2 Bf5 5. O-O e6 6. c4 h6 7. Nc3 {[#]} Ne4 $146 {D12: Slav Defence: 3 Nf3 Nf6 4 e3 Bf5.} ({Predecessor:} 7... Nbd7 8. b3 Bd6 9. Bb2 O-O 10. Rc1 Qe7 11. h3 Ne4 12. Bd3 Nxc3 13. Bxc3 Bxd3 14. Qxd3 Bb4 15. Bxb4 Qxb4 16. e4 dxe4 17. Qxe4 {1-0 (28) Radjabov,T (2788)-Chadaev,N (2580) Astana 2012}) 8. Ne5 Nxc3 9. bxc3 Nd7 {White is slightly better.} 10. f4 Nf6 (10... Nxe5 $11 11. fxe5 Qd7) 11. Bd3 (11. cxd5 $16 exd5 12. c4) 11... Bxd3 $11 12. Qxd3 Ne4 (12... Bd6 $11 {keeps the balance.}) 13. cxd5 exd5 14. f5 (14. c4 $11) 14... Bd6 $15 15. c4 {White wants to play cxd5.} Bxe5 ({Better is} 15... O-O $15) 16. dxe5 $14 Qb6 $2 ({Black should try} 16... Qa5 $14) 17. cxd5 $18 cxd5 18. Qxd5 Ng5 (18... Nc3 $142 19. Qc4 Qc6 20. Qxc6+ bxc6) 19. Kh1 $2 (19. h4 $18) 19... Rd8 20. Qc4 {And now Ba3 would win.} O-O 21. e4 $2 (21. h4 $1 $18) 21... Rd4 22. Qc2 {Black must now prevent Be3.} Nxe4 $2 {[%mdl 8192]} (22... Qb5 $11 23. Be3 Rc4) 23. Be3 {[%mdl 64] Skewer} Rfd8 24. Bxd4 Rxd4 25. f6 g6 $2 (25... Qc5 {was worth a try.} 26. Qxc5 Nxc5) 26. Rab1 Rb4 (26... Qc5 $142 27. Qxc5 Nxc5) 27. Rxb4 Qxb4 {[%mdl 4096] Endgame [#] KQR-KQN} 28. Qc8+ (28. e6 $142 $1 Nxf6 (28... fxe6 29. f7+) 29. Qc8+ Qf8 30. exf7+ Kg7 31. Qxf8+ {[%mdl 64] Overworked Piece} Kxf8 32. Rxf6) 28... Qf8 (28... Kh7 $142 29. Qc7 Kg8) 29. Qxf8+ (29. Rc1 $142 Qxc8 30. Rxc8+ Kh7 31. e6 $1 {[%mdl 512]} Nxf6 32. exf7) 29... Kxf8 {KR-KN} 30. Rb1 b6 31. a4 Nc5 {[#]} 32. a5 $1 Nd7 (32... bxa5 33. Rb8#) 33. axb6 axb6 34. Rb5 Ke8 35. g4 Kd8 36. h4 Kc7 {[#]} 37. Kg2 $2 (37. e6 $1 $18 {is more deadly.} fxe6 38. f7) 37... Kc6 $16 38. Rb2 (38. Rb1 {keeps more tension.} Nxe5 39. Kg3 Nd7 40. Re1 Kd5 41. Re7) 38... Nxe5 {[#]} 39. Kh3 (39. Kg3 $1 $16) 39... h5 $2 (39... b5 $11) 40. gxh5 $18 gxh5 41. Re2 Kd5 $2 {[#]} (41... Ng6 42. Rf2 Kd5 43. Rf5+ Ke6) 42. Kg3 $1 {[%cal Rg3f4]} Nd7 43. Kf4 Nxf6 44. Kg5 $2 ({White should play} 44. Re7 $18 Ng4 45. Rxf7) 44... Ne4+ $11 45. Kxh5 $2 {[%mdl 8192]} (45. Kh6 $11) 45... Ng3+ {[%mdl 64] Double Attack. Black mates.} 46. Kh6 Nxe2 {KN-KP} 47. Kg7 Nf4 48. Kxf7 b5 49. Kf6 Ke4 50. Kg5 b4 51. h5 {[#]} Nxh5 $1 52. Kxh5 {KP-K} b3 53. Kg5 b2 54. Kf6 b1=Q 55. Ke7 Qb5 56. Kf7 Kd5 57. Kf6 Qc6+ 58. Kf5 Qe6+ 59. Kf4 Qe5+ 60. Kf3 Qe4+ 61. Kf2 Kd4 62. Kg1 Ke5 63. Kf2 Kf4 64. Kf1 Qe3 65. Kg2 Qd2+ 66. Kh3 Qc2 67. Kh4 Qh2# {Quite a comeback for Black. Accuracy: White = 45%, Black = 28%.} 0-1

[Event "Stay Safe Play From Home 142"]
[Site "T#645977Emanuel Laske"]
[Date "2020.05.12"]
[Round "6"]
[White "SoulofWolf"]
[Black "Ionutn28"]
[Result "1-0"]
[WhiteElo "2118"]
[BlackElo "1775"]
[Annotator "TA"]
[PlyCount "83"]
[EventDate "2020.05.12"]
[EventType "swiss (blitz)"]

{[%evp 9,83,-39,-43,-89,-50,-76,-56,-80,-80,-218,-50,-51,-28,-37,0,-2,0,0,17,-10,12,-15,-26,-239,-229,-224,-217,-248,-222,-417,-38,-855,-229,-289,-284,-888,-874,-870,-860,-793,-460,-780,-432,-444,-330,-296,-297,-483,-293,-282,-270,-288,-246,-282,-122,-108,-19,-22,-22,-22,-20,-70,133,0,12825,29971,29982,29983,29990,29991,29993,29994,29997,29998,29998,29998]} 1. c4 c5 2. e3 Nf6 3. f4 d5 4. Nf3 e6 5. a3 Nc6 6. b3 {A30: Symmetrical English: Double Fianchetto and Hedgehog.} Be7 7. Bb2 O-O {[#]} 8. d4 $146 {Black is slightly better.} ({Predecessor:} 8. Qc2 Qb6 9. Qc3 Rd8 10. cxd5 exd5 11. Bd3 d4 12. Qc2 h6 13. O-O dxe3 14. dxe3 {0-1 (26) Ozdemir,S (1369)-Verseef,Y (1654) Enschede 2009}) 8... cxd4 9. Nxd4 (9. exd4 $17 {might work better.} dxc4 10. bxc4) 9... Nxd4 $2 (9... e5 $1 $19 {[%cal Re5d4]} 10. Nxc6 bxc6 11. Bxe5 Ng4 12. cxd5 Nxe3) 10. Bxd4 $15 dxc4 11. Bxc4 Nd5 12. O-O a6 13. a4 Bf6 {White must now prevent ...Nxe3!} 14. Na3 Bd7 15. Rc1 Bc6 16. g4 $2 (16. Be2 $11 {and White has nothing to worry.}) 16... Bxd4 $19 17. Qxd4 Qh4 $1 {[%cal Rh4g4]} 18. Be2 Rfd8 $40 {[%mdl 128] Black is out for blood.} 19. Qe5 $2 (19. f5 Qh3 20. Rf3) 19... Qh3 $2 ({Black should try} 19... Nf6 $19 20. Qb2 Qh3 21. Rxc6 Qxe3+ 22. Kh1 Rd2 $1 {[%mdl 512]}) 20. e4 $2 {[%mdl 8192]} (20. Rf3 $15 Qh4 21. Qg5 Qxg5 22. fxg5) 20... Ne3 $2 (20... Qe3+ 21. Kh1 Qxe2) 21. Rf2 Nxg4 22. Bxg4 $2 (22. Rc3 Nxf2 23. Rxh3 Nxh3+ 24. Kf1) 22... Qxg4+ 23. Rg2 Rd1+ 24. Rxd1 Qxd1+ {[%mdl 64] Double Attack} 25. Kf2 {[%csl Gg2][%cal Re5g7]} Qd2+ 26. Kg3 Qe3+ 27. Kh4 {[%csl Gg2][%cal Re5g7]} g6 28. Rg3 $2 (28. Nc2 Qf3 29. Rg3 Qxe4 30. Qxe4 Bxe4 31. Ne3) 28... Qxe4 29. Qxe4 Bxe4 {[%mdl 4096] Endgame KRB-KRN} 30. Nc4 Bf5 31. Kg5 Rc8 (31... Kg7 $19 {has better winning chances. Threatens to win with ...Rd8.} 32. Re3 h6+ 33. Kh4 Rd8) 32. Kf6 $17 {[#]} b5 (32... e5 $1 $17 {...Re8 is the strong threat.} 33. Kxe5 (33. Nxe5 Re8) 33... Re8+ 34. Kd4 Re4+ 35. Kc5 Rxf4) 33. axb5 $1 $11 axb5 34. Ne5 $1 Be4 35. Nxf7 h5 $2 (35... Rf8 $15 {keeps the upper hand.} 36. Ke5 Rxf7 37. Kxe4 Rf5) 36. Ng5 (36. Nd6 $16 Rf8+ 37. Kxe6) 36... Kf8 $2 {[%mdl 8192]} (36... Rf8+ $11 37. Ke7 h4) 37. Nxe4 $18 e5 {White mates.} 38. fxe5 Rc6+ 39. e6 Rxe6+ 40. Kxe6 b4 41. Rxg6 h4 42. Ng5 {Accuracy: White = 41%, Black = 39%.} 1-0